[Event "CZE-chT2F 1617"]
[Site "Czech Republic"]
[Date "2016.12.11"]
[Round "5.7"]
[White "Svancara, Petr"]
[Black "Pop, Ladislav"]
[Result "1-0"]
[WhiteElo "2089"]
[BlackElo "1764"]
[PlyCount "61"]
[EventDate "2016.10.09"]
[EventType "team-tourn"]
[EventRounds "11"]
[EventCountry "CZE"]
[SourceTitle "EXT 2022"]
[Source "ChessBase"]
[SourceDate "2021.10.06"]
[SourceVersion "1"]
[SourceVersionDate "2021.10.06"]
[SourceQuality "1"]
[WhiteTeam "Litovel Tatran II"]
[BlackTeam "Unicov"]
[WhiteTeamCountry "CZE"]
[BlackTeamCountry "CZE"]

1. c4 Nf6 2. d4 d5 3. Nf3 Bf5 4. Nc3 e6 5. g3 Be7 6. Bg2 c6 7. 0-0 0-0 8. Bf4 dxc4 9. Ne5 Nd5 10. e4 Nxf4 11. gxf4 Bg6 12. Nxc4 Nd7 13. Qb3 Qc7 14. Ne2 Rad8 15. Ne3 h6 16. Rac1 Nf6 17. e5 Ne4 18. Rfd1 Bh4 19. Ng3 Nxg3 20. hxg3 Be7 21. d5 exd5 22. Nxd5 Rxd5 23. Bxd5 Rd8 24. Qf3 Qb6 25. Bb3 Rxd1+ 26. Rxd1 Bf5 27. g4 Bc8 28. f5 Qb4 29. e6 c5 30. exf7+ Kf8 31. Qe2 1-0

[Event "CZE-chT2F 1011"]
[Site "Czech Republic"]
[Date "2011.02.06"]
[Round "7.8"]
[White "Kudla, Richard"]
[Black "Pop, Ladislav"]
[Result "1-0"]
[WhiteElo "1925"]
[BlackElo "1720"]
[PlyCount "59"]
[EventDate "2010.10.17"]
[EventType "team-tourn"]
[EventRounds "11"]
[EventCountry "CZE"]
[SourceTitle "EXT 2012"]
[Source "ChessBase"]
[SourceDate "2011.11.24"]
[SourceVersion "1"]
[SourceVersionDate "2011.11.24"]
[SourceQuality "1"]
[WhiteTeam "Poruba VOKD"]
[BlackTeam "Unicov"]
[WhiteTeamCountry "CZE"]
[BlackTeamCountry "CZE"]

1. e4 e5 2. Nf3 Nc6 3. Bb5 a6 4. Ba4 Nf6 5. d4 exd4 6. 0-0 d6 7. Re1 b5 8. Bb3 Ne5 9. Bd5 Nxd5 10. exd5 Bg4 11. Nxe5 Bxd1 12. Nc6+ Kd7 13. Nxd8 Bh5 14. Nc6 d3 15. cxd3 Bg6 16. d4 f6 17. Nc3 h5 18. b4 h4 19. h3 Rh5 20. Bf4 Bf7 21. Rac1 Bxd5 22. Nxd5 Rxd5 23. Rc2 g5 24. Be3 Re8 25. Rec1 Re4 26. Nb8+ Ke6 27. Nxa6 Rf5 28. Rxc7 g4 29. Rh7 d5 30. Rc6+ 1-0